| 000 | 00793nam a22002777a 4500 | ||
|---|---|---|---|
| 001 | BR6002454 | ||
| 003 | BR-BrBNA | ||
| 005 | 20230928095630.0 | ||
| 007 | ta | ||
| 008 | 230509b bl.||||| |||| 00| 0 por d | ||
| 040 |
_aBR-BrBNA _bpor _cBiblioteca Nacional de Agricultura |
||
| 041 | _a(Por) | ||
| 072 | _aF40; F00 | ||
| 090 | _ F40 BR6002454 | ||
| 110 | 1 |
_aBanco do Nordeste do Brasil S.A., Fortaleza, CE (Brasil). Depto. de Estudos Economicos do Nordeste _91142 |
|
| 245 | 1 | _aO nordeste e as lavouras xerofilas | |
| 260 | 3 |
_aFortaleza, CE (Brasil): _c1964. |
|
| 300 | _a238 p. | ||
| 500 | _aBibliography (50 ref.) | ||
| 650 | _aNordeste | ||
| 650 | _aPlanta Xerofila | ||
| 650 | _aClima | ||
| 650 | _aEcologia Vegetal | ||
| 909 |
_a202309 _bLucia _c55 _dLucia Elande |
||
| 942 | _cBK | ||
| 999 |
_c57748 _d57748 |
||